El período de entreguerras en Europa
Сохранить в:
| Главный автор: | |
|---|---|
| Формат: | |
| Язык: | испанский |
| Опубликовано: |
Madrid
Alianza
1992
|
| Предметы: | |
| Метки: |
Добавить метку
Нет меток, Требуется 1-ая метка записи!
|
MARC
| LEADER | 00000nam a2200000 a 4500 | ||
|---|---|---|---|
| 001 | UCX6831 | ||
| 003 | CL-VaPUC | ||
| 008 | 930824e19920000SP |||||||||||||||||spa|d | ||
| 082 | 0 | 4 | |a 940.5 |b KIT |2 21 |
| 100 | 0 | |a Kitchen, Martin |e author |9 323472 | |
| 245 | 1 | 3 | |a El período de entreguerras en Europa |
| 300 | |a 406 p | ||
| 942 | |c BK | ||
| 945 | |d 19930824 00:00:00 | ||
| 260 | |a Madrid |b Alianza |c 1992 | ||
| 650 | 0 | |a Historia siglo 20 |9 255736 | |
| 651 | 0 | |a Europa |9 255156 | |
| 583 | |a last modification |c 19930824 00:00:00 |k Rodrigo Vera | ||
| 999 | |c 226780 |d 226778 | ||
| 952 | |0 0 |1 0 |4 0 |6 940_500000000000000_KIT_1992 |7 0 |8 A |9 225381 |a BIBHIS |b BIBHIS |d 2019-11-15 |i 2940825 |l 1 |o 940.5 KIT 1992 |p 2940825 |r 2025-01-20 |s 2024-08-29 |w 2019-11-15 |y BK |k HIS | ||